Statistics for Singapore MRT Stations with a Map

Click here to take the quiz!

General Stats

  • This quiz has been taken 26,743 times
    (23,032 since last reset)
  • The average score is 82 of 151

Answers on the Map

Answers color-coded by a green-red scale on the quiz's map according to % correct below.
 

Answer Stats

Answer% Correct
Jurong East
89%
Woodlands
86%
Changi International Airport
82%
Orchard
82%
Tampines
81%
Bishan
80%
Yishun
80%
Dhoby Ghaut
79%
Punggol
79%
Little India
78%
Bedok
77%
City Hall
77%
Serangoon
77%
Bugis
76%
Marina Bay
76%
Ang Mo Kio
75%
HarbourFront
75%
Chinatown
73%
Expo
73%
Pasir Ris
73%
Raffles Place
72%
Sengkang
72%
Somerset
72%
Paya Lebar
71%
Bukit Batok
69%
Clementi
69%
Bukit Panjang
68%
Newton
68%
Dhoby Ghaut
67%
Outram Park
67%
Yio Chu Kang
67%
Buona Vista
66%
Tuas Link
65%
Hougang
63%
Redhill
63%
Chinese Garden
62%
Sembawang
62%
Toa Payoh
62%
Dover
61%
Khatib
61%
Botanic Gardens
60%
Bukit Gombak
60%
Kallang
59%
Stadium
59%
Boon Lay
58%
Canberra
58%
Novena
58%
Yew Tee
58%
Admiralty
57%
Tanah Merah
57%
Lavender
56%
Marina South Pier
56%
Promenade
56%
Queenstown
56%
Beauty World
55%
Eunos
55%
Kovan
55%
Woodlands North
55%
Farrer Park
54%
Kranji
54%
one-north
54%
Tampines West
54%
Lakeside
53%
Tampines East
53%
Simei
52%
Kembangan
51%
MacPherson
51%
Marsiling
50%
Buangkok
49%
Joo Koon
49%
Tanjong Pagar
49%
Bayfront
48%
Braddell
48%
Tiong Bahru
48%
Pioneer
47%
Commonwealth
46%
King Albert Park
46%
Potong Pasir
45%
Stevens
45%
Esplanade
44%
Lorong Chuan
44%
Woodlands South
44%
Clarke Quay
43%
Haw Par Vill
42%
Marymount
42%
Sixth Avenue
42%
Tai Seng
42%
Woodleigh
42%
Boon Keng
41%
Hill View
41%
Tan Kah Kee
41%
Cashew
40%
Rochor
40%
Ubi
40%
Farrer Road
39%
Holland Village
39%
Kent Ridge
37%
Nicoll Highway
36%
Bedok Reservoir
35%
Gul Circle
35%
Springleaf
35%
Bartley
34%
Dakota
34%
Mayflower
34%
Downtown
33%
Bencoolen
32%
Mountbatten
32%
Pasir Panjang
31%
Upper Thomson
31%
Labrador Park
29%
Bedok North
28%
Bras Basah
28%
Lentor
28%
Caldecott
27%
Bendemeer
26%
Telok Blangah
26%
Upper Changi
26%
Bright Hill
25%
Kaki Bukit
25%
Telok Ayer
25%
Tuas West Road
24%
Jalan Besar
23%
Mattar
23%
Tuas Crescent
23%
Fort Canning
21%
Geylang Bahru
21%
Chao Chu Kang
20%
Alijunied
11%

Score Distribution

Percentile by Number Answered

Percent of People with Each Score

Your Score History

You have not taken this quiz since the last reset